000 00392nam a22001697a 4500
005 20160629135313.0
008 160629b xxu||||| |||| 00| 0 eng d
020 _a81-85749-79-5
041 _aeng
082 _b12236
100 _aGill, P.S
_93050
245 _aMachine Design
260 _bS.K. Kataria & Sons
_c2012
300 _a709
650 _aDiploma Engineering
_9817
942 _cBK
999 _c4692
_d4690